000 00260nam a22001217a 4500
082 _a823
_bRAM/H
100 _aRAM, S K
245 _aHIJACKED AND OTHER STORIES
260 _aBOMBAY
_bOXFORD
_c1995
300 _a67
650 _aENGLISH STORY
_zINDIA
942 _cBK
999 _c7318
_d7318